Quizzes
Events
Quiz Creation
Community
Videos
Private Events
Remove Ads
Sign In
Join for FREE
Feedback
Dark Mode
Quiz Categories
Sports
Geography
Music
Movies
Television
Just For Fun
Miscellaneous
History
Literature
Language
Science
Gaming
Entertainment
Religion
Holiday
For Kids
Quiz Lab
Recent
Popular Today
Quiz Kudos Today
Editor Picks
Curator Picks
Quizzes by...
Day
Popularity
Type
Ratings
Length
Year
Community
Subscriptions
Recent Discussions
Orange Saloon
Badges
Playlists
Quests
Create
Leaderboards
Showdown
Live 5
Trivia Bingo
Activity
Puzzle Library
Sporcle Events
Private Events
Virtual Trivia
Globe League
Become a Host
Pub Owners
SporcleCon
Opinionation
Our Games
Videos
Blog
Mobile Apps
Partnerships
Remove Ads and Go Orange
Feedback
Sports
Athletes
MLB
NBA
NHL
NFL
Soccer
Sports Teams
WWE
NCAA
Football
Premier League
Basketball
Baseball
Hockey
Golf
Tennis
Cricket
Rugby
Auto Racing
Olympics
World Cup
Sports
Athletes
MLB
NBA
NHL
NFL
Soccer
Sports Teams
WWE
NCAA
Football
Premier League
Basketball
Baseball
Hockey
Golf
Tennis
Cricket
Rugby
Auto Racing
Olympics
World Cup
Random Quiz
Search Sporcle
×
Quiz Lab
Quiz Lab
Sports
NCAA
Type in answers that appear in a list
Type in answers that appear in a list
Classic
Best Score? Go Orange.
Top 50 ACC Basketball Players 2010-2011 Stats
Can you name the Top 50 ACC Basketball Players 2010-2011?
By
youngjib
10m
50 Questions
97 Plays
97 Plays
97 Plays
Comments
Comments
Give Quiz Kudos
Give Quiz Kudos
-
- Ratings
hide this ad
Replay
Link that replays current quiz
Next Quiz
Link to next quiz in quiz playlist
You Got
0%
They Got
Avg Score
29%
Avg Friend Score
Upgrade to see
Score Distribution
Jump to the score distribution portion of the page
Score
0/50
Timer
10:00
0
Plays Today
Year
Name
% Correct
Sr
Nolan Smith
79.4%
Sr
Tracey Smith
76.3%
Sr
Kyle Singler
71.1%
Fr
Harrison Barnes
71.1%
So
Mason Plumlee
60.8%
Sr
Malcolm Delaney
59.8%
Jr
Tyler Zeller
49.5%
So
Seth Curry
49.5%
So
John Henson
48.5%
So
Jordan Williams
48.5%
Fr
Kyrie Irving
47.4%
Jr
Chris Singleton
40.2%
So
Reggie Johnson
39.2%
Jr
Reggie Jackson
38.1%
Sr
Jeff Allen
36.1%
So
Devin Booker
36.1%
Fr
CJ Leslie
36.1%
Jr
Iman Shumpert
30.9%
Sr
Mike Scott
30.9%
So
Durand Scott
29.9%
So
CJ Harris
27.8%
So
Dexter Strickland
26.8%
Sr
Demontez Stitt
26.8%
So
Glen Rice Jr
26.8%
Fr
Joe Harris
26.8%
Year
Name
% Correct
Jr
Malcolm Grant
24.7%
Sr
Jerai Grant
23.7%
Fr
Ryan Harrow
23.7%
Sr
Derwin Kitchen
21.6%
Sr
Joe Trapani
21.6%
So
Michael Snaer
18.6%
Sr
Corey Raji
18.6%
Fr
Terrell Stoglin
17.5%
So
Erick Green
16.5%
Jr
Andre Young
16.5%
So
Scott Wood
16.5%
Fr
JT Terrell
15.5%
So
Garrius Adams
14.4%
Sr
Cliff Tucker
13.4%
Sr
Maurice Miller
13.4%
Sr
Adrian Bowie
12.4%
Jr
Sean Mosley
12.4%
Jr
Deividas Dulkys
11.3%
Sr
Dorenzo Hudson
10.3%
Sr
Mustapha Farrakhan
10.3%
Fr
Travis McKie
10.3%
So
Jontel Evans
9.3%
Sr
Gary Clark
8.2%
Sr
Biko Paris
7.2%
So
Brian Oliver
7.2%
Quiz Playlist
Details
Report
Send in Message
Add To Playlist
Classic:
Type in answers that appear in a list
Last Updated: Feb 16, 2017
Quiz Scoreboard
CHALLENGE
Sign Up to Join the Scoreboard
Show All
Scores
Hide
Comments
May contain spoilers
Recently Published
1-10 Letter E Words III
by El_Dandy
Language
2m
One Thing in Common: World Cities II
by knightlancer
Geography
7m
Popular People in 1961
by mucciniale
History
6m
More to Explore
Quiz From the Vault
Featured Blog Post
Where Did the Easter Bunny Come From?
hide this ad
You Might Also Like...
Tags
Athletes Quiz
College Quiz
NCAA Quiz
2010
2011
ACC
College Sports
NCAA Basketball
Top 50
Today's Top Quizzes in Sports
Browse Sports
hide this ad
Today's Top Quizzes in NCAA
Browse NCAA
Top Contributed Quizzes in Sports
1
Les meilleurs buteurs des matchs entre le PSG et l’OM
2
Les entraîneurs de l'OM et du PSG au 21e siècle
3
FIFA Club World Cup Champions
4
2022 World Cup Stars
5
Name the Premier League winners with different clubs
6
La finale Lions - Afrique du Sud 2021
7
Criteria MLB: Left Handed Sluggers
8
Players with Multiple 50 Home Run Seasons
9
MLB Players with Two .350 Batting Average Seasons
10
MLB Hall of Famer by Rings
Explore More
Trending Topics
Marvel
Harry Potter
Kpop
Disney
Anime
NBA
Crossword
Pokémon
Soccer
WWE
Puzzle
NFL
Country
The Office
Song
hide this ad
More By:
youngjib
Quiz
Plays
Rating
Category
Featured
Created
Every Active RB in NFL
964
3.80
Sports
Oct 20, 2011
Every Washington Wizard Ever
529
4.33
Sports
Jan 28, 2011
QB RB WR Alma Maters
303
5.00
Sports
Oct 15, 2011
NFL alma maters
159
4.00
Sports
Oct 15, 2011
NFL WRs 2012
157
1.50
Sports
Sep 24, 2012
Go to Creator's Profile
Score Distribution
Quiz Creator Spotlight
youngjib
Follow
Send a Message
Quizzes Created
-
Created Quiz Play Count
-
More By This Creator
Popular Quizzes Today
1
Find the US States - No Outlines Minefield
2
Find the Countries of Europe - No Outlines Minefield
3
The Countries of the World
4
Popular People in 1961
5
1-10 Letter E Words III
6
Find the US States
7
One Thing in Common: World Cities II
8
US States
More Sports Quizzes
Picture Click: Rams QBs
Quiz Lab
Trending Quizzes
Risky Map Clicking: Least Populous States A-Z
1-10 Letter F Words
1-10 Letter G Words
One Thing in Common: United Kingdom
Risky Map Clicking: Biggest States A-Z
Recently Updated
Leaping Animals
pecheneg
Reality TV Shows (A-Z)
bhenderson79
Rickey Henderson's Hall of Fame Teammates
pecheneg
Champions League XIs: Arsenal
pecheneg
Quick Pick: Celebrities in WWE's Hall of Fame
aduchscher
A-Z Keypad Blitz II
pecheneg
Multiple Oscar Actors
pecheneg
Mystery Phrase Blitz: Oscar 'Best Actors'
pecheneg
F. Scott Fitzgerald Novels
LTH
Pick 3 Villains
ddd62291
Trending Topics
Marvel
NBA
Anime
Crossword
Disney
Kpop
Harry Potter
Country
WWE
NFL
Song
The Office
Pokémon
Soccer
Puzzle
Your Account Isn't Verified!
In order to create a playlist on Sporcle, you need to verify the email address you used during registration. Go to your
Sporcle Settings
to finish the process.
Report this User
Report this user for behavior that violates our
Community Guidelines
.
Details:
Send Report
Go to the Sporcle.com Mobile Site →
Comments